• 首页
  • 本馆介绍
  • 公告通知
  • 最新文献
  • 馆藏检索
  • 电子资源
  • 读者荐购
  • 参考咨询
  • CALIS
  • 我的图书馆
  • 登录
  • 详细信息显示
  • 放入我的书架
  • 预约/预借图书
  • 作者相关作品
  • 分类相关作品
  • 丛书相关作品
  • 出版社相关作品

书目信息

  • 表格格式
  • 工作单格式
  • 卡片格式
题名:
材料员专业管理实务
    
 
作者: 秦守婉 主编
分册:  
出版信息: 郑州   黄河水利出版社  2010.05
页数: 184页
开本: 26cm
丛书名:
单 册:
中图分类: TU5
科图分类:
主题词: 建筑材料--jian zhu cai liao--管理--技术培训--教材
电子资源:
ISBN: 978-7-80734-814-6
 
 
 
 
 
000 00964nam0 2200241 450
001 012010984453
005 20160428171443.62
010    @a978-7-80734-814-6@dCNY33.00
100    @a20101221d2010 em y0chiy0120 ea
101 0  @achi
102    @aCN@b410000
105    @aak a 000yy
200 1  @a材料员专业管理实务@Acai liao yuan zhuan ye guan li shi wu@f秦守婉主编@Fqin shou wan zhu bian
210    @a郑州@c黄河水利出版社@d2010.05
215    @a184页@c图@d26cm
300    @a建筑工程施工现场专业人员培训教材
320    @a有书目 (第184页)
330    @a本书主要包括材料管理的内容和程序、工程造价、材料消耗定额管理、材料计划管理、材料采购管理、材料供应管理、材料运输管理、材料储备与仓库管理施工现场材料与工具管理、材料核算与质量监督管理、相关法律、法规及标准简介等内容。
606 0  @a建筑材料@Ajian zhu cai liao@x管理@x技术培训@j教材
690    @aTU5@v4
701  0 @a秦守婉@Aqin shou wan@4主编
801  0 @aCN@bQSSK@c20101221
905    @b789652-54@dTU5@eQ437@f3
    
    材料员专业管理实务/秦守婉主编.-郑州:黄河水利出版社,2010.05
    184页:图;26cm
    建筑工程施工现场专业人员培训教材
    
    ISBN 978-7-80734-814-6:CNY33.00
    本书主要包括材料管理的内容和程序、工程造价、材料消耗定额管理、材料计划管理、材料采购管理、材料供应管理、材料运输管理、材料储备与仓库管理施工现场材料与工具管理、材料核算与质量监督管理、相关法律、法规及标准简介等内容。
●
相关链接 在E读中查询图书 在当当中查询图书 在豆瓣中查询图书


正题名:材料员专业管理实务     索取号:TU5/Q437         预约/预借

序号 登录号 条形码 馆藏地/架位号 状态 备注
1 1222907   212229079   管理学院资料室/ [索取号:TU5/Q437] 在馆    
2 789652   207896525   建筑库201/201建筑库 2排1列5层/ [索取号:TU5/Q437] 在馆    
3 789653   207896534   建筑库201/201建筑库 2排1列5层/ [索取号:TU5/Q437] 在馆    
4 789654   207896543   建筑库201/201建筑库 2排1列5层/ [索取号:TU5/Q437] 在馆    
河南城建学院图书馆 欢迎您!
大连网信软件有限公司© 版权所有